Improving Yield and Quality attributes of Cape Goose Berry With Chemicals and Plant Growth Regulators (Record no. 50249)

MARC details
000 -LEADER
fixed length control field 00458nam a22001577a 4500
003 - CONTROL NUMBER IDENTIFIER
control field OSt
008 - FIXED-LENGTH DATA ELEMENTS--GENERAL INFORMATION
fixed length control field 260429b |||||||| |||| 00| 0 eng d
082 ## - DEWEY DECIMAL CLASSIFICATION NUMBER
Classification number 634.725
Item number R14T
100 ## - MAIN ENTRY--PERSONAL NAME
Personal name Kumar, Rajiv
245 ## - TITLE STATEMENT
Title Improving Yield and Quality attributes of Cape Goose Berry With Chemicals and Plant Growth Regulators
260 ## - PUBLICATION, DISTRIBUTION, ETC. (IMPRINT)
Place of publication, distribution, etc Pusa, Samastipur
Name of publisher, distributor, etc RAU
Date of publication, distribution, etc 2002
300 ## - PHYSICAL DESCRIPTION
Extent 64P.
502 ## - DISSERTATION NOTE
Degree type Msc.
Year degree granted 2002
650 ## - SUBJECT ADDED ENTRY--TOPICAL TERM
Topical term or geographic name as entry element Fruit & Fruit Technology
942 ## - ADDED ENTRY ELEMENTS (KOHA)
Source of classification or shelving scheme
Koha item type Thesis
Holdings
Withdrawn status Lost status Source of classification or shelving scheme Damaged status Not for loan Home library Current library Date acquired Total Checkouts Full call number Barcode Date last seen Bill Date Koha item type
          Dr. Rajendra Prasad Central Agricultural University Pusa, Dr. Rajendra Prasad Central Agricultural University Pusa, 29/04/2026   634.725 R14T 49824-UL 29/04/2026 29/04/2026 Thesis
Hosted, Implemented, Customized & Maintained by: BestBookBuddies

Powered by Koha